Spacebusters : (Record no. 8476)

MARC details
000 -LEADER
fixed length control field 01047nam a22003137a 4500
001 - CONTROL NUMBER
control field 8476
003 - CONTROL NUMBER IDENTIFIER
control field FISKH
005 - DATE AND TIME OF LATEST TRANSACTION
control field 20250915121824.0
008 - FIXED-LENGTH DATA ELEMENTS--GENERAL INFORMATION
fixed length control field 250915b cb ||||| |||| 00| 0 eng d
020 ## - INTERNATIONAL STANDARD BOOK NUMBER
International Standard Book Number 9780789429612
040 ## - CATALOGING SOURCE
Original cataloging agency FISKH
Language of cataloging eng
Transcribing agency FISKH
Modifying agency FISKH
050 ## - LIBRARY OF CONGRESS CALL NUMBER
Classification number TL789.U6 A667
082 ## - DEWEY DECIMAL CLASSIFICATION NUMBER
Classification number 629.45
100 ## - MAIN ENTRY--PERSONAL NAME
Personal name Wilkinson, Philip
245 ## - TITLE STATEMENT
Title Spacebusters :
Remainder of title The race to the moon /
Statement of responsibility, etc. By Philip Wilkinson
250 ## - EDITION STATEMENT
Edition statement First American Edition, 1998
260 ## - PUBLICATION, DISTRIBUTION, ETC.
Place of publication, distribution, etc. New York :
Name of publisher, distributor, etc. DK Publishing, INc.,
Date of publication, distribution, etc. 1998.
300 ## - PHYSICAL DESCRIPTION
Extent 48 pages :
Other physical details color illustrations ;
Dimensions 23 cm .
490 ## - SERIES STATEMENT
Series statement Eyewitness Readers
Volume/sequential designation Level 3 Grade 2 and 3
505 ## - FORMATTED CONTENTS NOTE
Formatted contents note Q <br/>
520 ## - SUMMARY, ETC.
Summary, etc. Describes the voyage of Apollo 11, its three astronauts, and details of the mission that put the first man on the moon in 1969.
521 8# - TARGET AUDIENCE NOTE
Target audience note 670 <br/>
Source Lexile <br/>
521 8# - TARGET AUDIENCE NOTE
Target audience note Q <br/>
Source Raz-Plus <br/>
650 ## - SUBJECT ADDED ENTRY--TOPICAL TERM
Topical term or geographic name entry element Space flight to the moon
Form subdivision Non-fiction
650 ## - SUBJECT ADDED ENTRY--TOPICAL TERM
Topical term or geographic name entry element Space exploration
Form subdivision Non-fiction
700 ## - ADDED ENTRY--PERSONAL NAME
Personal name Dennis, Peter
942 ## - ADDED ENTRY ELEMENTS (KOHA)
Source of classification or shelving scheme Dewey Decimal Classification
Koha item type Books
Suppress in OPAC No
Holdings
Withdrawn status Lost status Source of classification or shelving scheme Damaged status Not for loan Collection Home library Current library Shelving location Date acquired Total Checkouts Full call number Barcode Date last seen Price effective from Koha item type
    Dewey Decimal Classification     Non-Fiction Footprints International School Library Network Toul Tom Poung Campus Footprints International School Library Network Toul Tom Poung Campus TTP Primary Orange Bookshelves 09/15/2025   WIL 629.45 TL789.U6 A667 FIS01257 09/15/2025 09/15/2025 Books